Last Decades of Undivided Bengal (Record no. 14533)
[ view plain ]
| 000 -LEADER | |
|---|---|
| fixed length control field | 003940000a22001570004500 |
| 001 - CONTROL NUMBER | |
| control field | 002624 |
| 003 - CONTROL NUMBER IDENTIFIER | |
| control field | MACL |
| 040 ## - CATALOGING SOURCE | |
| Original cataloging agency | MACL |
| 090 ## - LOCALLY ASSIGNED LC-TYPE CALL NUMBER (OCLC); LOCAL CALL NUMBER (RLIN) | |
| -- | 14617 |
| -- | 14616 |
| 100 ## - MAIN ENTRY--PERSONAL NAME | |
| Personal name | Begum, Jahanara |
| 245 ## - TITLE STATEMENT | |
| Title | Last Decades of Undivided Bengal |
| Remainder of title | Parties, Politics and Personalities |
| Statement of responsibility, etc. | Jahanara Begum |
| 260 ## - PUBLICATION, DISTRIBUTION, ETC. (IMPRINT) | |
| Place of publication, distribution, etc. | Minerva Associates, |
| Date of publication, distribution, etc. | 1994 |
| 350 ## - PRICE (NR) (BK AM CF MU VM SE) [OBSOLETE] | |
| Price | 225 |
| 650 ## - SUBJECT ADDED ENTRY--TOPICAL TERM | |
| Topical term or geographic name as entry element | Social Science |
| 942 ## - ADDED ENTRY ELEMENTS (KOHA) | |
| Call number prefix | 300 |
| Koha item type | Library Membar |
| Withdrawn status | Lost status | Source of classification or shelving scheme | Damaged status | Not for loan | Home library | Current library | Date acquired | Cost, normal purchase price | Total Checkouts | Full call number | Barcode | Date last seen | Uniform Resource Identifier | Price effective from | Koha item type |
|---|---|---|---|---|---|---|---|---|---|---|---|---|---|---|---|
| MACL | MACL | 03/07/2015 | 225.00 | 300/BEG | CRE010262 | 02/05/2024 | 14419 | 15/04/2015 | Books |









